[Event "Montevideo Duchamp Cup 5th"]
[Site "Montevideo"]
[Date "2022.02.12"]
[Round "1"]
[White "Rodriguez Farias, Eduardo"]
[Black "Rodrigues, Paulo de Tharso Bro"]
[Result "1-0"]
[WhiteElo "1931"]
[BlackElo "1018"]
[PlyCount "29"]
[EventDate "2022.02.12"]
[EventType "swiss"]
[EventRounds "9"]
[EventCountry "URU"]
[SourceTitle "CBM 206 Extra"]
[Source "ChessBase"]
[SourceDate "2022.03.31"]
[SourceVersion "1"]
[SourceVersionDate "2022.03.31"]
[SourceQuality "1"]

1. e4 e5 2. Nf3 Nc6 3. Bb5 a6 4. Ba4 Nf6 5. d4 exd4 6. 0-0 Bc5 7. e5 Nd5 8. Bb3 Nde7 9. Ng5 d5 10. exd6 0-0 11. dxe7 Qxe7 12. Re1 Qf6 13. Ne4 Qe7 14. Bg5 Qd8 15. Bxd8 1-0

[Event "Florianopolis op 8th"]
[Site "Florianopolis"]
[Date "2022.01.28"]
[Round "7"]
[White "Blanco, Gustavo Jose Bachur"]
[Black "Rodrigues, Paulo de Tharso Bro"]
[Result "1-0"]
[WhiteElo "1448"]
[BlackElo "1018"]
[PlyCount "77"]
[EventDate "2022.01.24"]
[EventType "swiss"]
[EventRounds "10"]
[EventCountry "BRA"]
[SourceTitle "CBM 206 Extra"]
[Source "ChessBase"]
[SourceDate "2022.03.31"]
[SourceVersion "1"]
[SourceVersionDate "2022.03.31"]
[SourceQuality "1"]

1. e4 e5 2. Bc4 Nf6 3. d3 Bc5 4. Nc3 0-0 5. f4 Nc6 6. Nf3 d6 7. Na4 Bb6 8. Nxb6 axb6 9. a3 Re8 10. 0-0 d5 11. fxe5 dxc4 12. exf6 Qxf6 13. Ng5 Qd4+ 14. Kh1 Be6 15. Qh5 h6 16. Nxe6 fxe6 17. dxc4 Rf8 18. Re1 Rf2 19. Be3 Qf6 20. Bxf2 Qxf2 21. Qe2 Qf7 22. Rf1 Qe7 23. Rad1 Ne5 24. h3 Qc5 25. b3 Nf7 26. Qf2 Qe7 27. a4 Nd6 28. Qf3 Qh4 29. e5 Nf5 30. Rd3 Rf8 31. Kg1 g5 32. Qg4 Qxg4 33. hxg4 Ne7 34. Rxf8+ Kxf8 35. Rd7 Ng6 36. Rxc7 Nxe5 37. Rxb7 Nxg4 38. Rxb6 e5 39. a5 1-0

[Event "Pan American-ch U1700"]
[Site "Timbo"]
[Date "2021.12.05"]
[Round "9"]
[White "Kannenberg, Brayan Kelvin Greth"]
[Black "Rodrigues, Paulo de Tharso Bro"]
[Result "1-0"]
[WhiteElo "1095"]
[BlackElo "1746"]
[PlyCount "67"]
[EventDate "2021.12.01"]
[EventType "swiss"]
[EventRounds "9"]
[EventCountry "BRA"]
[SourceTitle "CBM 205 Extra"]
[Source "ChessBase"]
[SourceDate "2022.01.31"]
[SourceVersion "1"]
[SourceVersionDate "2022.01.31"]
[SourceQuality "1"]

1. e4 e5 2. f4 Nf6 3. Nc3 d5 4. exd5 Nxd5 5. Nf3 Nxc3 6. bxc3 e4 7. Nd4 Bc5 8. Bb5+ c6 9. Nb3 Bb6 10. Bc4 0-0 11. d4 Re8 12. 0-0 Be6 13. Be2 Qd7 14. Kh1 Na6 15. g4 f5 16. Rg1 c5 17. gxf5 Bxf5 18. Bg4 Bxg4 19. Rxg4 Qc6 20. Be3 Rad8 21. Qg1 Re7 22. Rf1 Nc7 23. f5 Rf8 24. dxc5 Nd5 25. cxb6 axb6 26. Bd4 Nf6 27. Bxf6 Qxf6 28. Nd4 e3 29. Qg2 Qh6 30. f6 Ref7 31. Ne6 Rxf6 32. Rxf6 Rxf6 33. Rxg7+ Qxg7 34. Qxg7# 1-0

[Event "Pan American-ch U1700"]
[Site "Timbo"]
[Date "2021.12.02"]
[Round "4"]
[White "Rodrigues, Paulo de Tharso Bro"]
[Black "Nones, Vinicius Gabriel"]
[Result "0-1"]
[WhiteElo "1746"]
[BlackElo "1144"]
[PlyCount "52"]
[EventDate "2021.12.01"]
[EventType "swiss"]
[EventRounds "9"]
[EventCountry "BRA"]
[SourceTitle "CBM 205 Extra"]
[Source "ChessBase"]
[SourceDate "2022.01.31"]
[SourceVersion "1"]
[SourceVersionDate "2022.01.31"]
[SourceQuality "1"]

1. e4 e6 2. d4 d5 3. Nc3 Nf6 4. Bg5 Be7 5. e5 Nfd7 6. Bxe7 Qxe7 7. Bd3 a6 8. Nge2 c5 9. b3 cxd4 10. Nxd4 Nxe5 11. Be2 Bd7 12. 0-0 0-0 13. Qd2 Nbc6 14. a3 Rac8 15. Kh1 Qc5 16. Nf3 Nxf3 17. Bxf3 Ne5 18. Ne2 Nxf3 19. gxf3 Qxc2 20. Qe3 Bb5 21. Nd4 Qd3 22. Rfd1 Qxe3 23. fxe3 Rc3 24. a4 Bd7 25. Re1 Rfc8 26. Kg2 e5 0-1

[Event "Pan American-ch U1700"]
[Site "Timbo"]
[Date "2021.12.01"]
[Round "1"]
[White "De Freitas, Sidinei Melo"]
[Black "Rodrigues, Paulo de Tharso Bro"]
[Result "1-0"]
[WhiteElo "1487"]
[BlackElo "1746"]
[PlyCount "41"]
[EventDate "2021.12.01"]
[EventType "swiss"]
[EventRounds "9"]
[EventCountry "BRA"]
[SourceTitle "CBM 205 Extra"]
[Source "ChessBase"]
[SourceDate "2022.01.31"]
[SourceVersion "1"]
[SourceVersionDate "2022.01.31"]
[SourceQuality "1"]

1. e4 e5 2. Bc4 Nf6 3. d3 Be7 4. Nc3 c6 5. Nf3 d6 6. Ng5 0-0 7. f4 Bg4 8. Nf3 b5 9. Bb3 Qb6 10. h3 Bh5 11. g4 Nxg4 12. hxg4 Bxg4 13. Qe2 Nd7 14. Be3 Qb7 15. 0-0-0 a5 16. Rdg1 Bxf3 17. Qxf3 a4 18. Qh5 Nf6 19. Qg5 g6 20. Rxh7 Nxh7 21. Qxg6+ 1-0